Revista de Derecho del Mercosur (Registro nro. 8484)

Detalles MARC
000 -LEADER
fixed length control field 00829nas a2200229 454500
001 - CONTROL NUMBER
control field 16030
005 - DATE AND TIME OF LATEST TRANSACTION
control field 20260407193505.0
008 - FIXED-LENGTH DATA ELEMENTS--GENERAL INFORMATION
fixed length control field 260407s1997####ag###########|||spa#d
003 - CONTROL NUMBER IDENTIFIER
control field AR-UNSa-BCEJYS
040 ## - CATALOGING SOURCE
Original cataloging agency AR-UNSa-BCEJYS
Language of cataloging spa
Transcribing agency AR-UNSa-BCEJYS
080 ## - UNIVERSAL DECIMAL CLASSIFICATION NUMBER
Universal Decimal Classification number 341.24
Common auxiliary subdivision Actos jurídicos internacionales. Acuerdos internacionales. Tratados internacionales
022 ## - INTERNATIONAL STANDARD SERIAL NUMBER
International Standard Serial Number 0329-1685
100 1# - MAIN ENTRY--PERSONAL NAME
Personal name Estoup, Luis Alejandro
245 10 - TITLE STATEMENT
Title Revista de Derecho del Mercosur
Number of part/section of a work Revista de Direito do Mercosul
264 #1 - PRODUCTION, PUBLICATION, DISTRIBUTION, MANUFACTURE, AND COPYRIGHT NOTICE
Place of production, publication, distribution, manufacture Buenos Aires :
Name of producer, publisher, distributor, manufacturer La Ley
Date of production, publication, distribution, manufacture, or copyright notice 1997
310 ## - CURRENT PUBLICATION FREQUENCY
Current publication frequency Frecuencia: Bimestral
590 ## - LOCAL NOTE (RLIN)
Local note niveau_biblio:s niveau_hierar:1
650 ## - SUBJECT ADDED ENTRY--TOPICAL TERM
Topical term or geographic name entry element Derecho
650 ## - SUBJECT ADDED ENTRY--TOPICAL TERM
Topical term or geographic name entry element Derecho internacional
856 41 - ELECTRONIC LOCATION AND ACCESS
Uniform Resource Identifier <a href="https://biblioeco.unsa.edu.ar/pmb/images/revistas/Revista de Derecho del Mercosur.jpg">https://biblioeco.unsa.edu.ar/pmb/images/revistas/Revista de Derecho del Mercosur.jpg</a>
Link text Imagen de portada
Electronic format type image/jpeg
942 ## - ADDED ENTRY ELEMENTS (KOHA)
Koha item type
Existencias
Withdrawn status Lost status Damaged status Not for loan Home library Current library Shelving location Date acquired Serial enumeration / chronology Total checkouts Full call number Barcode Date last seen Price effective from Koha item type
        Biblioteca Prof. Eusebio Cleto del Rey Biblioteca Prof. Eusebio Cleto del Rey   01/02/2000 Año 4, Nº 1 - feb. 2000   H341.24 MER a4.n.1 R08190 10/04/2026 10/04/2026 Numero
        Biblioteca Prof. Eusebio Cleto del Rey Biblioteca Prof. Eusebio Cleto del Rey   01/12/1999 Año 3, Nº 6 - dic. 1999   H341.24 MER a3.n.6 R08189 10/04/2026 10/04/2026 Numero
        Biblioteca Prof. Eusebio Cleto del Rey Biblioteca Prof. Eusebio Cleto del Rey   01/10/1999 Año 3, Nº 5 - oct. 1999   H341.24 MER a3.n.5 R08188 10/04/2026 10/04/2026 Numero
        Biblioteca Prof. Eusebio Cleto del Rey Biblioteca Prof. Eusebio Cleto del Rey   01/02/1999 Año 3, Nº 1 - feb. 1999   H341.24 MER a3.n.1 R08187 10/04/2026 10/04/2026 Numero
        Biblioteca Prof. Eusebio Cleto del Rey Biblioteca Prof. Eusebio Cleto del Rey   01/10/1998 Año 2, Nº 5 - oct. 1998   H341.24 MER a2.n.5 R08186 10/04/2026 10/04/2026 Numero
        Biblioteca Prof. Eusebio Cleto del Rey Biblioteca Prof. Eusebio Cleto del Rey   01/06/1998 Año 2, Nº 3 - jun. 1998   H341.24 MER a2.n.3 R08185 10/04/2026 10/04/2026 Numero
        Biblioteca Prof. Eusebio Cleto del Rey Biblioteca Prof. Eusebio Cleto del Rey   01/05/1997 Año 1, Nº 1 - mayo 1997   H341.24 MER a1.n.1 R08173 10/04/2026 10/04/2026 Numero